|
|
|
|
| LEADER |
00000nam0a2200000 4500 |
| 001 |
375028 |
| 005 |
20231102012711.0 |
| 010 |
|
|
|b 5000 экз.
|
| 035 |
|
|
|a (RuTPU)RU\TPU\retro\32463
|
| 035 |
|
|
|a RU\TPU\book\275325
|
| 090 |
|
|
|a 375028
|
| 100 |
|
|
|a 20221220d1927 m y0rusy50 ca
|
| 101 |
0 |
|
|a rus
|
| 102 |
|
|
|a RU
|
| 105 |
|
|
|a abc z 000zy
|
| 200 |
1 |
|
|a Герои южного полюса. Лейтенант Шекльтон и капитан Скотт
|e с 28 иллюстрациями
|f Э. К. Пименова
|
| 205 |
|
|
|a 3-е изд.
|
| 210 |
|
|
|a Ленинград
|a Москва
|c Книга
|d 1927
|
| 215 |
|
|
|a 131 с.
|c ил., портр., карта
|
| 300 |
|
|
|a На обложке дата издания 1928 г.
|
| 600 |
|
1 |
|a Скотт
|b Р.- Ф.
|c английский исследователь Антарктиды
|f 1868-1912
|g Роберт Фолкон
|2 stltpush
|3 (RuTPU)RU\TPU\pers\31968
|9 16028
|
| 600 |
|
1 |
|a Шеклтон (Шекльтон)
|b Э.- Г.
|c английский исследователь Антарктиды
|f 1874-1922
|g Эрнест Генри
|2 stltpush
|3 (RuTPU)RU\TPU\pers\31969
|9 16029
|
| 610 |
1 |
|
|a Антарктика
|
| 610 |
1 |
|
|a полярные экспедиции
|
| 610 |
1 |
|
|a Южный полюс
|
| 610 |
1 |
|
|a 20 век
|
| 675 |
|
|
|a 91(98)
|v 3
|
| 686 |
|
|
|a Ч611.68
|v LBC/SL-A
|2 rubbk
|
| 700 |
|
1 |
|a Пименова
|b Э. К.
|
| 801 |
|
1 |
|a RU
|b 63413507
|c 20140306
|
| 801 |
|
2 |
|a RU
|b 63413507
|c 20221220
|g RCR
|
| 942 |
|
|
|c BK
|